| 000 | 00000nam##2200000za#4500 |
| 001 | 9.639901 |
| 003 | CaOODSP |
| 005 | 20210624222412 |
| 007 | cr ||||||||||| |
| 008 | 150407|2000||||xxc|||||o f|0| 0 fre|d |
| 040 | |aCaOODSP|bfre |
| 043 | |an-cn--- |
| 086 | 1 |aCW66-190/2000F-PDF |
| 110 | 2 |aService canadien de la faune. |
| 245 | 10|aPlan stratégique du Service canadien de la faune 2000 : |h[ressource électronique]|bla direction à suivre pour le Programme de conservation des espèces sauvages d'Environement Canada |
| 246 | 1 |iTitre alternatif : |aService canadien de la faune, plan stratégique 2000 |
| 260 | |aOttawa - Ontario : |bEnvironnement Canada. |c2000. |
| 300 | |a25p.|bphotographies |
| 500 | |aLe n° de catalogue (CW66-190/2000) et l'ISBN (0-662-65296-7) de l'édition imprimée bilingue ont été incorrectement copiés dans l'édition électronique. |
| 590 | |a12-14-Supp|b2012-04-10 |
| 691 | 07|aGestion de la faune|2gcpds |
| 775 | 08|tCanadian Wildlife Service strategic plan 2000 : |w(CaOODSP)9.695781 |
| 776 | 0#|tCanadian Wildlife Service strategic plan 2000 : |w(CaOODSP)9.662255 |
| 776 | 0#|tService canadien de la faune, Plan stratégique 2000 : |w(CaOODSP)9.662256 |
| 856 | 40|ahttp://publications.gc.ca|qPDF|s1.32 Mo|uhttps://publications.gc.ca/collections/Collection/CW66-190-2000F.pdf |